000 00696nam a22002177a 4500
999 _c16081
_d16081
003 AR-CdUCM
008 190502b ||||| |||| 00| 0 spa d
040 _aMUNICIPALIDAD PROVINCIAL DEL CUSCO
_cBIBLIOTECA MUNICIPAL DEL CUSCO
082 _22ed.
_a869.26 /
_bS12
100 _aSábato, Ernesto
_931269
245 _aUno y el universo /
260 _aBuenos Aires :
_bSudamericana,
_c1948.
300 _a205 paginas ;
_c17 cm.
440 _aColección ensayos breves
_935358
505 _aContenido : Ensayos
650 _aLiteratura Argentina
_984
650 _aAutores Argentinos
_917563
650 _aLiteratura latinoamericana
_91143
942 _2ddc
_cLIBROS
945 _awnts
_d2019-04-2